| 000 | 00752nam a2200229Ia 4500 | ||
|---|---|---|---|
| 003 | GCL | ||
| 008 | 140319s9999 xx 000 0 ara d | ||
| 040 |
_aGCL / _cGCL |
||
| 082 | 0 | 4 |
_aد _b050 |
| 100 | 1 | _aالسيد محمد عثمان | |
| 245 | 1 | 0 |
_aعودة الوفاق بين الانسان والطبيعة ( عالم المعرفة 189 ) / _cالسيد محمد عثمان |
| 700 | 1 | _aجان مارى بيلت | |
| 300 | _a334 ص | ||
| 490 |
_aعالم المعرفة _v0 |
||
| 650 | 0 | 4 | _aالعلم والحضارة |
| 650 | 0 | 4 | _aالبيئة والانسان |
| 650 | 0 | 4 | _aالتطور |
| 650 | 0 | 4 | _aالطبيعة |
| 650 | 0 | 4 | _aالانسان - تاثير الطبيعة على |
| 650 | 0 | 4 | _aالبيئة - علم |
| 942 |
_2ddc _cBK |
||
| 999 |
_c50340 _d50340 |
||